Aktualizácia k zákonom I/2017 zákon o správnych poplatkoch

Gespeichert in:
Bibliographische Detailangaben
Format: Buch
Sprache:Slowakisch
Veröffentlicht: Žilina Poradca 2017
Schriftenreihe:Aktualizácia I/2
Schlagworte:
Tags: Tag hinzufügen
Keine Tags, Fügen Sie das erste Tag hinzu!

MARC

LEADER 00000nam a2200000 4500
001 0240035
005 20230109073005.5
022 |a 1335-6127 
041 0 |a slo 
044 |a SK 
245 1 0 |a Aktualizácia k zákonom I/2017  |b zákon o správnych poplatkoch 
264 1 |a Žilina  |b Poradca  |c 2017 
300 |a 96 s. 
490 1 |a Aktualizácia  |v I/2 
830 0 |a Aktualizácia  |v I/2 
610 2 0 |a predpisy právne 
610 2 0 |a legislatíva 
610 2 0 |a poplatky správne 
610 2 0 |a Slovensko 
610 2 0 |a 2017